[Event "Groningen PCA"]
[Site "Groningen"]
[Date "1993.??.??"]
[Round "2"]
[White "Ljubojevic, Ljubomir"]
[Black "Sokolov, Ivan"]
[Result "1/2-1/2"]
[WhiteElo "2595"]
[BlackElo "2610"]
[Annotator "Ribli,Z"]
[PlyCount "82"]
[EventDate "1993.12.??"]
[EventType "swiss"]
[EventRounds "11"]
[EventCountry "NED"]
[SourceTitle "CBM 039"]
[Source "ChessBase"]
[SourceDate "1994.04.01"]
[SourceVersion "1"]
[SourceVersionDate "1994.04.01"]
[SourceQuality "1"]

1. c4 e5 2. Nc3 Nf6 3. g3 Bb4 4. Bg2 O-O 5. Nf3 Re8 6. O-O e4 7. Nd4 Nc6 8. Nc2
Bxc3 9. bxc3 d5 (9... d6 $5 {Tal,M-Kholmov,R/Tbilisi/INF08,31/}) 10. cxd5 Qxd5
11. d4 $5 (11. Ne3 Qh5 12. Rb1 b6 13. f3 Ne5 $1 14. fxe4 Neg4 15. Nxg4 Bxg4 $44
{Larsen,B-Adams,M/Buenos Aires Najdorf/1991/CBM24/}) 11... Qh5 (11... Na5 12.
Ne3 Qc6 13. d5 Qxc3 14. Bd2 Qa3 15. Qc1 $1 $16) 12. f3 Bh3 13. g4 Qh4 14. Ne3
g6 15. Bd2 exf3 16. Bxh3 $1 f2+ (16... Qxh3 17. Rxf3 Qh4 18. Ng2 Qxg4 19. Rxf6
Rxe2 20. Rf2 $18) 17. Rxf2 Rxe3 18. Bxe3 Qxh3 19. Rf3 Qxg4+ 20. Kh1 Nd5 (20...
Ne4 21. Qb3 $1 $16 (21. Rf4 $2 Ng3+ $1 $44)) 21. Qb3 Qe6 22. Bg1 Na5 23. Qb5 b6
24. c4 Ne7 25. Re3 (25. Raf1 Qe4 $1 $14) 25... Qd6 26. Rf1 Nec6 27. Qd5 Rf8 28.
Ref3 Qe7 29. a3 Nd8 30. Re3 Ne6 31. Qe4 Nxc4 $1 32. d5 Nxe3 33. Qxe3 Re8 34.
dxe6 Qxe6 35. Qxe6 Rxe6 36. Rc1 c5 37. Rc2 Rd6 38. Kg2 f5 39. Be3 Kf7 40. Kf3
Ke6 41. Rc1 Kd7 1/2-1/2

[Event "EU-Cup 18th"]
[Site "Kallithea"]
[Date "2002.09.25"]
[Round "4.1"]
[White "Georgiev, Kiril"]
[Black "Van Wely, Loek"]
[Result "1/2-1/2"]
[WhiteElo "2654"]
[BlackElo "2645"]
[Annotator "Ribli,Z"]
[PlyCount "166"]
[EventDate "2002.09.22"]
[EventType "team-swiss"]
[EventRounds "7"]
[EventCountry "GRE"]
[SourceTitle "CBM 092"]
[Source "ChessBase"]
[SourceDate "2003.02.06"]
[SourceVersion "1"]
[SourceVersionDate "2003.02.06"]
[SourceQuality "1"]
[WhiteTeam "Skopje Kisela Voda"]
[BlackTeam "Clichy Echecs 92"]
[WhiteTeamCountry "MKD"]
[BlackTeamCountry "FRA"]

1. c4 Nf6 2. Nc3 e5 3. Nf3 Nc6 4. g3 Nd4 {Dieser Springerzug wird selten
gespielt, ist aber gar nicht schlecht. Die Alternativen 4...Bb4 und
hauptsaechtlich 4...d5 sind populärer.} 5. Bg2 (5. Nh4 c6 6. e3 Ne6 7. d4 exd4
8. exd4 d5) 5... Nxf3+ 6. Bxf3 Bb4 7. Qb3 (7. O-O O-O 8. d3 h6 9. Bd2 c6 10.
Qa4 Be7 $11) 7... Bc5 (7... a5) 8. d3 {Das ist eine schlaue Zugfolge. Mit
d2-d3 Weiss bereitet den Zug Bc1-g5 vor und Schwarz spielt gewöhnlich h6, um
das zu verhindern. Aber jetzt bekäme Weiss nach 8...h6 gefährliche Initiative
am Koenigsfluegel.} O-O {Das ist die ruhige Fortsetzung fuer Schwarz - die
"Drohung" 9.Bg5 ist nicht gefaehrlich.} (8... h6 $6 9. h4 c6 10. g4 d6 11. g5
hxg5 12. hxg5 Rxh1+ 13. Bxh1 Ng4 14. Ne4 Bb6 15. Qa3 Bc7 16. Bd2 $14) (8... c6
9. g4 d6 10. g5 Ng8 11. Na4 Qa5+ 12. Kf1 (12. Bd2 $2 Bxf2+ $1 $17) 12... Bh3+ (
12... Bb4 $5 13. a3 Bd2) 13. Bg2 Bxg2+ 14. Kxg2 Qc7 15. f4 exf4 16. Bxf4 Qd7
17. Rhf1 Ne7 $13) 9. O-O (9. Bg5 h6 10. Bxf6 Qxf6 11. Ne4 Qe7 12. Nxc5 Qxc5 13.
O-O d6 14. Qc3 a5 $11) 9... c6 {Das ist ein Schluesselzug in dieser Variante -
auf diese Weise neutralisiert Schwarz den g2-Läufer.} (9... Re8) 10. Bd2 (10.
Bg5 h6 11. Bxf6 Qxf6 12. Ne4 Qe7 13. Nxc5 Qxc5 14. Qc3 a5 $11) 10... Re8 11.
Bg2 (11. Rac1 h6 12. Qa4 Bf8 13. Rfd1 d6 14. b4 Bg4 $11 15. Bxg4 Nxg4 16. b5
Qd7 {0-1 Hansen,C-Hjartarson,J/Reykjavik 1997/CBM 62/[Ribli] (45)}) 11... Bf8 {
Ein prophylaktischer Zug und auch ein typisches Motiv in dieser Variante -
Schwarz verteidigt sich gegen den spaeter moeglichen Zug b2-b4.} (11... Bb6 12.
Qc2 h6 13. Na4 Bc7 14. Rac1 d6 15. b4 Bd7 16. Nc3 Qc8 17. Rfe1 Bh3 18. Bh1 a6
19. a4 a5 20. Rb1 axb4 21. Rxb4 Ba5 22. Rb2 Qc7 23. Reb1 Reb8 {1/2-1/2
Portisch,L-Huebner,R/Abano Therme 1980/Candidates (38)}) 12. Qa4 {[%cal Gb2b4,
Gb4b5]} h6 13. Rac1 (13. b4 $5) 13... a6 (13... d6 14. b4 $14) 14. Ne4 Nxe4 15.
Bxe4 $11 {Interessant, dass wir noch alle Bauern auf dem Brett haben. Weiss
hat vielleicht mikroskopischen Positionsvorteil, weil seine Läufer aktiver
stehen als die schwarzen "Kollegen". Aber die schwarze Stellung ist fest und
gut verteidigungsfaehig.} d6 16. Ba5 Qg5 17. Qb3 h5 (17... f5 $5 18. Bg2 $11)
18. h4 Qe7 19. Qb6 {[%csl Gb6]} g5 $5 $36 {[%mdl 32] Mit diesem Zug moechte
Schwarz sich die Initiative am Koenigsfluegel verschaffen.} 20. hxg5 Qxg5 {
[%cal Gh5h4]} 21. Qe3 Qxe3 (21... Bh6 22. Qxg5+ Bxg5 23. e3 $11) 22. fxe3 {
Es gibt beiderseitige Bauernschwächungen in der Stellung. Der h5P und der f7P
sind schwach in der schwarze Stellung, dafür hat Weiss einen Doppelbauern auf
der e-Linie.} Bh6 23. Kf2 (23. Bd2 Kg7 $11) 23... Bg4 24. Bf3 f5 25. Rh1 (25.
Bxg4 $2 fxg4 $17 {[%csl Re3][%cal Ge8f8,Gf8f2]} (25... hxg4 $15)) 25... Kg7 26.
Rcf1 e4 (26... Kg6 $15) 27. dxe4 fxe4 28. Bxg4 hxg4 29. Rh4 {[%csl Rg4]} Bg5 (
29... Rf8+ 30. Kg2 Rxf1 31. Kxf1 Rf8+ 32. Kg2 Kg6 33. Rxg4+ Kf5 34. Rh4 Bxe3
35. Rh7 $11) 30. Rxg4 Kg6 $44 {[%csl Rg4] Schwarz hat einen Bauern weniger,
aber der e3P ist schwach und der g4R steht passiv.} 31. Kg2 Rac8 (31... d5 $2
32. Bc7 {[%cal Gc7f4,Gf4g5]} Kh5 33. Kh3 $16) (31... Re6 $44) 32. Bc3 {Jetzt
droht 33.Rf6+, oder 33.Bf6.} Re6 33. a4 Rce8 34. a5 {Auf diese Weise blockiert
Weiss die schwarzen Bauern am Damenfluegel.} Rg8 35. Rff4 $14 {Es ist nicht
leicht für Weiss Fortschritte zu machen, aber er steht aktiver.} Rge8 36. Kh3
R8e7 {Schwarz kann seine Stellung nicht verbessern, er muss abwarten, was
Weiss unternimmt.} 37. Rf8 Re8 38. Rff4 R8e7 39. Rf8 Re8 40. Rf1 R8e7 {Schwarz
waere - natuerlich - zufrieden mit der Zugwiederholung.} {[#]} 41. Rgf4 $1 {
Weiss opfert eine Qualitaet, um seine Bauern zu verbinden.} Bxf4 (41... Re8 42.
Rf5 $14) 42. exf4 {[%csl Gf4,Gg3][%cal Gc3h8] Weiss hat eigentlich zwei
verbundene Freibauern am Koenigsfluegel, die sehr stark sind, besonders mit
der Unterstuetzung des Läufers.} Rh7+ 43. Kg4 {[%csl Gg4]} Kf7 44. f5 Re8 45.
Kf4 (45. e3 Rh2 46. Kf4 Rg2 $132) 45... e3 $1 {Schwarz muss so spielen. Der
Bauern kann spaeter schwach sein, aber dieser Zug bietet aktives Gegenspiel
fuer Schwarz.} 46. g4 Rh2 47. Kf3 Rg8 48. Be1 {Der Laufer kann auch nach g3
kommen und in einigen Varianten den Turmzug Rh4 verhindern.} Rgh8 {[%cal Gh8h1,
Gh1e1] Schwarz verteidigt sich gut - er moechte den f1-Turm tauschen.} (48...
d5 $2 {[%csl Ge1][%cal Ge1g3]} 49. cxd5 cxd5 50. Bg3 Rh7 51. Rd1 $16) 49. g5
Rh1 50. Rxh1 Rxh1 {[%mdl 4096] Die weissen Bauern sind stark am Koenigsfluegel
und der e3P ist schwach, aber mit dem Turm kann Schwarz sich erfolgreich
verteidigen.} 51. Bc3 Rf1+ 52. Ke4 (52. Kxe3 $2 Rxf5 $19) 52... Rf2 {[%csl Re2,
Gf2]} 53. g6+ Kf8 54. Bd4 Rxe2 55. Bxe3 Kg7 (55... Rxb2 $2 56. f6 Rh2 57. Bf4
$18) 56. Kf3 Rc2 (56... Rxb2 $4 57. Bd4+ $18 {[%cal Rd4b2,Rd4g7]}) 57. Bd4+ Kh6
58. Be3+ (58. Bc3) 58... Kg7 59. Bd4+ Kh6 60. Bc3 Rh2 61. Kg3 Re2 62. Kf3 Re8 (
62... Rh2) 63. Bd2+ Kh5 (63... Kg7 64. Bc3+ Kh6) 64. Be3 d5 {Endlich
mobilisiert Schwarz seinen d-Bauern.} 65. cxd5 cxd5 66. b4 Rd8 (66... d4 67.
Bxd4 Kg5 $11) 67. Bc5 Re8 68. g7 Rg8 69. f6 (69. Bf8 Kg5 $19 {[%csl Rf5]})
69... Kg6 70. Be7 (70. Bd4 Re8 $11) 70... Kf7 71. Kf4 Rc8 (71... Ke6 72. Kg5
Kf7 73. Kf5 Rc8 $11) 72. Ke5 d4 73. Kxd4 Ke6 74. Bf8 Kf7 75. Kd5 Rc6 $11 {
[%csl Gc6] Weiss hat schon zwei verbundene Bauern fuer die Qualitaet, aber der
c6R verhindert alle weissen Gewinnversuche.} 76. Be7 Kg8 77. Ke5 Kf7 78. Bd6
Rc8 79. Kf5 Rd8 80. Ke5 Rc8 81. Bc5 Rc6 82. Be7 Re6+ 83. Kd4 Rc6 1/2-1/2

[Event "EU-Cup 18th"]
[Site "Kallithea"]
[Date "2002.09.22"]
[Round "1.1"]
[White "Suba, Mihai"]
[Black "Bareev, Evgeny"]
[Result "1/2-1/2"]
[WhiteElo "2507"]
[BlackElo "2726"]
[Annotator "Ribli,Z"]
[PlyCount "79"]
[EventDate "2002.09.22"]
[EventType "team-swiss"]
[EventRounds "7"]
[EventCountry "GRE"]
[SourceTitle "CBM 092"]
[Source "ChessBase"]
[SourceDate "2003.02.06"]
[SourceVersion "1"]
[SourceVersionDate "2003.02.06"]
[SourceQuality "1"]
[WhiteTeam "Reverte Albox"]
[BlackTeam "Norilsk Nikel"]
[WhiteTeamCountry "ESP"]
[BlackTeamCountry "RUS"]

1. c4 e5 2. g3 Nf6 3. Bg2 d5 4. cxd5 Nxd5 5. Nc3 Nb6 6. Nf3 Nc6 {Diese
Variante ist sehr populär in der letzten Zeit - in der assymmetrische Stellung
hat Weiss Chancen am Damenfluegel (der g2B unterstuetzt seines Spiel), dafür
steht Schwarz stark im Zentrum.} 7. O-O Be7 8. a3 {Diese ganze Variante ist
eigentlich die Drachenvariante der sizilianische Verteidigung, aber mit
umgekehrten Farben.} O-O 9. b4 Be6 10. Rb1 f6 11. d3 Nd4 {Dieser Springerzug
scheint mir natuerlicher, als die Alternative 11...a5.} (11... a5 12. b5 Nd4)
12. Bb2 (12. Be3 Nxf3+ 13. Bxf3 c6 14. Bc5 Nd5 15. Nxd5 cxd5 16. Qb3 Re8 17.
Rfc1 Qd7 18. b5 Bxc5 19. Rxc5 Rac8 {1/2-1/2 Timman,J-Bareev,E/Ubeda 1997/CBM
58 (30)}) (12. Nd2 c6 13. Nde4 (13. Bb2) (13. e3) 13... Rf7 14. Bd2 Nd5 15. e3
Nxc3 16. Bxc3 Nb5 17. Bb2 Bf8 {[%cal Gf7d7,Gd8d3]} 18. Qc2 $11) (12. Nxd4 exd4
13. Ne4 Bd5 14. Bb2 f5 15. Nd2 Bxg2 16. Kxg2 Kh8 17. Nf3 Bf6 $13) 12... Nxf3+
13. Bxf3 c6 14. Ba1 (14. Qc2 Qe8 (14... a5 15. b5 cxb5 16. Nxb5 Rc8 17. Bc3 Nd5
18. Qb2 Nxc3 19. Nxc3 Qd7 20. Qa1 Rc7 21. Rb6 Bf7 22. Rfb1 Rb8 {1/2-1/2
Hertneck,G-Gurevich,M/Germany 1993/GER-chT (33)}) 15. Ne4 Ba2 16. Rbc1 Bd5 17.
Nd2 Qf7 18. d4 $5 exd4 19. Bxd4 Rfd8 20. Rfd1 Rd7 {1/2-1/2 Gulko,B-Huebner,R/
Munich 1990/CBM 18/[Ribli] (37)}) (14. Ne4 Bd5 15. Bc3 Rc8 16. Ba1 Qe8 17. Qc2
Qf7 18. a4 Rfd8 19. Rfc1 f5 20. Nd2 Bg5 {1/2-1/2 Suba,M-Wolff,P/Preston 1989/
CBM 14 (74)}) 14... Rf7 {[%mdl 4] Das ist ein typischer prophylaktischer Zug
in solchen Stellungen - Schwarz moechte im Folgenden Bf8 und Rd7 ziehen.} (
14... a5) 15. a4 (15. b5 cxb5 16. Bxb7 Rb8 17. Ba6 Bxa3 18. Bxb5 (18. Nxb5 Bf8
$15) 18... a5 $15) (15. Qc2 $11) 15... a5 {Schwarz muss so spielen, sonst
Weiss spielt selbst 16.a5 mit Initiative am Damenfluegel.} 16. bxa5 Rxa5 $11 {
Schwarz hat eine bequeme Stellung, ohne Schwächungen, aber mit der offenen
b-Linie und mit zwei Läufern auf der grossen Diagonalen steht Weiss auch nicht
schlecht.} 17. Bh5 $5 {Weiss verfolgt eine genuegsame Wartetaktik, er moechte
17...Rf8 forcieren bzw. hofft auf die Schwächung des Koenigsfluegels mit 17...
g6.} (17. Qc2 $11) 17... g6 (17... Rf8 18. Bf3) 18. Bf3 Bc5 {[%cal Gf7d7,Gd8d1]
} 19. Qc2 Rd7 20. Rfd1 Be7 21. e3 Kg7 22. g4 $5 $13 {[%cal Gg4g5,Ga1g7] Eine
originelle Fortsetzung - Weiss schwaecht selber seine Koenigsstellung, aber
droht zugleich mit g4-g5.} Nd5 (22... h6 $5) 23. g5 (23. Nxd5 Bxd5 24. Bxd5
cxd5 25. g5 Rc7 26. Qb3 Qd7 $17) 23... Nxc3 24. Bxc3 Rc5 25. gxf6+ $6 (25. Qb2
$5 $13) 25... Bxf6 26. Be4 {[%csl Ge4]} Bd5 $15 (26... Bf5 27. f3 (27. Bxf5
gxf5 28. Kh1 Kh8 $15) 27... Bxe4 28. fxe4 {Auf diese Weise bekommen wir die
Partiefortsetzung.}) 27. f3 Bxe4 28. fxe4 (28. dxe4 $4 Rxd1+ 29. Rxd1 Rxc3 $19)
28... Bg5 $1 $17 {[%csl Re3,Rg1] Schwarz hat das bessere Figurenspiel - der
e3P ist kaum zu verteidigen und die weisse Koenigsstellung ist auch angreifbar.
} 29. Qb3 (29. Qd2 Bxe3+ 30. Qxe3 Rxc3 $17) 29... Bxe3+ 30. Kh1 Rf7 $6 (30...
Qf6 $1 31. Rf1 Bf2 $19) 31. Rf1 Rxf1+ 32. Rxf1 $132 {Ploetzlich hat Weiss
Gegenspiel - jetzt ist die schwarze Koenigstellung etwas unsicher.} Qd7 (32...
Qxd3 $4 33. Bxe5+ $18 {[%cal Rb3d3,Re5g7]}) 33. Bb2 $1 {[%csl Gb2,Gb3,Gf1]
[%cal Gb2a3,Ga3f8,Gf8g7][%mdl 64]} b5 34. Ba3 bxa4 35. Qb8 {[%cal Rb8f8,Rf8g7]
Droht Matt auf f8.} Qe7 36. Qa8 Kh6 (36... Ra5 37. Qxa5 Qxa3 38. Qxe5+ Kh6 39.
Rf3 Qc1+ 40. Kg2 Qd2+ 41. Kh3 $36) 37. Qxa4 Bf4 38. Bxc5 (38. Qa8 $5 Kg7 (38...
Qh4 39. Qf8+ Kh5 40. Rxf4 $18) 39. Bxc5 Qxc5 $11) (38. Qb4 Qh4 39. Rxf4 Qxf4
40. Qxc5 Qf1+ 41. Qg1 Qf3+ $11) 38... Qxc5 $11 {[%csl Gf4] Schwarz hat einen
Bauern fuer die Qualitaet und sein f4B steht besonders stark.} 39. Qa2 Qe3 40.
Qf2 (40. Qf2 Qxd3 41. Qh4+ Kg7 42. Qe7+ $11) 1/2-1/2

[Event "Dubai op 6th"]
[Site "Dubai"]
[Date "2004.04.21"]
[Round "3"]
[White "Mamedyarov, Shakhriyar"]
[Black "Gagunashvili, Merab"]
[Result "1-0"]
[WhiteElo "2657"]
[BlackElo "2562"]
[Annotator "Ribli,Z"]
[PlyCount "55"]
[EventDate "2004.04.19"]
[EventType "swiss"]
[EventRounds "9"]
[EventCountry "UAE"]
[SourceTitle "CBM 101"]
[Source "ChessBase"]
[SourceDate "2004.07.27"]
[SourceVersion "1"]
[SourceVersionDate "2004.07.27"]
[SourceQuality "1"]

1. c4 e5 2. Nc3 Nf6 3. Nf3 Nc6 4. g3 Bb4 {Das ist eine ruhige, positionelle
Fortsetzung, ebenso, wie 4...Bc5. Die Alternative 4...d5 führt zu schärferem
Spiel.} 5. Bg2 Bxc3 6. bxc3 (6. dxc3 {Dieser Tausch wäre auch möglich, aber
die Partiefortsetzund ist dynamischer.}) 6... d6 7. O-O O-O 8. d3 h6 {Schwarz
verhindert die Fesselungsmöglichkeit 9.Bg5. Stark in Betracht kommt 8...e4,
was zu Vereinfachungen und gleichem Spiel führt.} (8... e4 9. Nd4 exd3 10. exd3
(10. Nxc6 dxe2 11. Qxe2 bxc6 12. Bxc6 Rb8 $11) 10... Nxd4 11. cxd4 c6 12. Rb1
h6 13. Re1 Re8 14. Rxe8+ Qxe8 15. Bf4 Qe7 16. Qe1 Qxe1+ 17. Rxe1 Bf5 {1/2-1/2
Fridman,D-Van den Doel,E/Cappelle la Grande 1998/CBM 63 ext (32)}) 9. Rb1 (9.
e4 $5) 9... Rb8 {Schwarz kann hier auch 9...e4 spielen, mit gleichen Chancen.}
(9... e4 10. Nd4 Ne5 11. dxe4 Nxc4 12. f4 c5 13. Qd3 cxd4 14. Qxc4 dxc3 15.
Qxc3 Re8 16. Bb2 Be6 17. Ba1 Rc8 18. Qd4 b6 {0-1 Otten,C-Peng,Z/Leeuwarden
2001/EXT 2002 (38)}) 10. e4 {Weiß verstärkt seine Zentrumstellung und er muss
nicht mehr mit e5-e4 rechnen.} (10. h3 $5 a6 (10... e4 $5) 11. a4 Be6 12. e4
Nh7 13. Nh4 Qd7 14. g4 Na5 15. Bd2 c5 16. Nf5 b6 17. f4 f6 18. h4 {1-0
Mamedyarov,S-Drabke,L/Antalya 2004/CBM 101 (30)}) 10... Be6 (10... Nd7 11. Nh4
Ne7 12. Qh5 Nf6 13. Qe2 c6 14. f4 Ng6 15. Nxg6 fxg6 16. d4 Qa5 17. Bd2 b6 18.
c5 dxc5 19. fxe5 Nh7 20. Rxf8+ Nxf8 21. d5 Ba6 22. c4 Qxa2 23. Rc1 b5 {1/2-1/2
Hummel,D-Zauner,J/Pfarrkirchen 1989/EXT 2001 (29)}) 11. h3 {Weiß verhindert
das Manöver 11...Qd7 und 12...Bh3.} (11. Nh4 $5 Qd7 12. f4 Bh3 13. Bxh3 Qxh3
14. Nf5 $14) 11... Nd7 (11... Qd7 12. Kh2 $14) 12. Nh4 {Bereitet die
Möglichkeit f2-f4 vor.} Ne7 $11 {[%mdl 256] Schwarz verbessert seine
Springerstellung und bereitet 13...f5 vor.} 13. Qe2 (13. f4 exf4 14. gxf4 f5
$11) (13. Be3 b6 $11) 13... f5 $1 14. exf5 Nxf5 15. Nf3 $1 {[%mdl 32] Weiß ist
nicht zufrieden mit den Vereinfachungen, so geht er mit dem Springer zurück.} (
15. Nxf5 Bxf5 16. Rxb7 Rxb7 17. Bxb7 Bxh3 $11) 15... Qf6 {Schwarz hat eine
feste Stellung ohne Schwächen, aber die weiße Stellung scheint mir dynamischer
zu sein.} (15... a6 16. Nd4 $14) (15... c6 $5 $11) 16. Nd2 {[%cal Gd2e4]} b6
17. Ne4 Qg6 18. Kh2 Rbe8 19. f4 {Endlich konnte Weiß den Durchbruch f2-f4
durchführen, er möchte die Stellung für sein Läuferpaar öffnen.} exf4 20. Bxf4
$14 {[%csl Gf4,Gg2]} Kh8 (20... Nf6 21. Nxf6+ Qxf6 22. Qd2 $14) 21. Rbe1 Nf6 {
Schwarz muss den starken Springer tauschen.} 22. Nxf6 Rxf6 23. g4 Nh4 $2 {
Dieser Springerzug ist ziemlich optimistisch - es wäre viel besser mit dem
genügsamem Springerzug 23...Ne7 fortzusetzen. Nun befindet sich der h4N in
großer Not.} (23... Ne7 $14) 24. Bc6 $16 Ref8 (24... Bd7 25. Qxe8+ Bxe8 26.
Rxe8+ Kh7 27. Be4 Nf5 28. Ra8 $18) (24... Re7 25. Be4 Qe8 26. g5 $18) 25. Bg3 {
[%csl Rh4]} Rxf1 (25... Bd7 26. Bxd7 Nf3+ 27. Rxf3 Rxf3 28. Bc6 $18) 26. Rxf1
Rxf1 27. Qxf1 Qg5 28. Qe1 $18 {[%cal Re1h4,Re1e6]} 1-0

[Event "Linares 12th"]
[Site "Linares"]
[Date "1994.??.??"]
[Round "1"]
[White "Lautier, Joel"]
[Black "Karpov, Anatoly"]
[Result "0-1"]
[WhiteElo "2625"]
[BlackElo "2740"]
[Annotator "Ribli,Z"]
[PlyCount "98"]
[EventDate "1994.02.??"]
[EventType "tourn"]
[EventRounds "13"]
[EventCountry "ESP"]
[EventCategory "18"]
[SourceTitle "CBM 040"]
[Source "ChessBase"]
[SourceDate "1994.06.01"]
[SourceVersion "1"]
[SourceVersionDate "1994.06.01"]
[SourceQuality "1"]

1. c4 e5 2. Nc3 Nf6 3. Nf3 Nc6 4. g3 Bb4 5. Nd5 Bc5 $5 (5... e4 $6 {Lautier,
J-Karpov,An/Dortmund/1993/CBM35/INF57,40/}) 6. Bg2 d6 7. O-O O-O 8. e3 Bg4 (
8... Bb6 9. d4 Bg4 $13 {Ehlvest,J-Hansen,Cu/Groningen PCA/1993/CBM39/}) (8...
a6 {Cvetkovic,S-Janosevic,D/Yugoslavia/1982/INF34,(41)/}) 9. h3 Bh5 (9... Bxf3
10. Bxf3 Nxd5 (10... Re8 $5 {Zueger,B-Fauland,A/SWZ-chI/1992/CBM31/}) 11. cxd5
(11. Bxd5 $14 {Kortschnoj}) 11... Ne7 12. b3 Qd7 13. Bg2 c6 14. dxc6 Nxc6 15.
Bb2 d5 16. Bxe5 $1 Nxe5 17. d4 $14 {Kortschnoj,V-Karpov,An/Merano m/1981/INF32,
45/}) 10. d3 (10. g4 $5 Bg6 11. d4 Bb6 (11... exd4 $2 12. exd4 Bb6 13. Bg5 $16)
12. dxe5 Nxe5 (12... dxe5 13. b4 $5) 13. Nxe5 dxe5 14. Nxb6 axb6 15. Bxb7 Rb8
16. Qxd8 Rfxd8 17. Bg2 (17. Ba6 Bd3 18. Re1 Ne4 $44) 17... Bd3 18. Re1 Bxc4 19.
b3 Bd3 20. Bb2 $14 {Cvetkovic,S-Farago,I/Beograd/1982/INF34,41/}) 10... a5 11.
a3 Ba7 12. Nc3 (12. b3 Nxd5 13. cxd5 Ne7 14. e4 c6 $13) 12... Re8 13. Qc2 Nd7
14. Rb1 (14. b3 h6 15. Bb2 Bg6 $13) 14... Ne7 15. b4 axb4 16. axb4 c6 17. Qb3
Bg6 18. Rd1 h6 19. Nh4 Bh7 20. Ne4 Bb8 21. Ba3 Nf8 22. b5 Ne6 23. Ra1 Qd7 $1
24. Nc3 (24. c5 d5 (24... dxc5 25. Nxc5 Nxc5 26. Bxc5 Rxa1 27. Rxa1 cxb5 28.
Ra8 $44) 25. Nd6 Bxd6 26. cxd6 Nc8 27. bxc6 bxc6 28. Qb4 Rd8 $13) 24... Bc7 $13
25. d4 exd4 26. exd4 Ng5 27. Kh2 Ba5 $5 28. Bb2 (28. Bb4 $5 Bxb4 29. Qxb4 Rxa1
30. Rxa1 Nf5 31. Nxf5 Bxf5 32. h4 Ne4 $10) 28... Bxc3 $5 29. Bxc3 Be4 $5 30. f3
Bh7 31. Rxa8 Rxa8 32. Re1 d5 $1 33. bxc6 bxc6 34. Bb4 dxc4 35. Qxc4 (35. Rxe7
$4 cxb3 36. Rxd7 b2 $19) 35... Nd5 36. f4 Ne6 37. Bd2 (37. Nf3 $5 f6 $5 (37...
Ra4 $6 38. Ne5 Qb7 39. Nxc6 Nxb4 40. d5 $44)) 37... Re8 38. Nf3 f6 $5 39. Rc1
Be4 40. Qxc6 Qxc6 41. Rxc6 Ndxf4 $1 42. Rd6 Nxg2 43. Kxg2 Nc7 44. Kf2 Ra8 $1
45. Be3 Nb5 $1 46. Rb6 Nc3 47. Rb3 Nd1+ 48. Ke2 Bd5 49. Rd3 Bc4 0-1